000 00684nam a2200253Ia 4500
003 OSt
005 20221007070658.0
006 a|||||r|||| 00| 0
007 ta
008 221006b |||||||| |||| 00| 0 eng d
024 _a44,108
037 _cTextual
040 _aFLL
_cFLL
_beng
041 _2eng
_aeng
082 _aXM55:Z2, Q7.2-B
100 _aDutta C.R.
_9687575
245 0 _aCompany Law (appendix 2) (appendices 101-220)
250 _a7th
260 _aGurgaon
_bLexisNexis India
_c2015
300 _axxiii;A.2248 - A.4180p.
_ccm.
490 _vAppendix II
942 _hXM55:Z2, Q7.2-B
_cTEXL
_2CC
999 _c1141217
_d1141217